000 00413nam a2200133 i 4500
001 98876
003 ES-MaACL
005 20230906182410.0
007 t|
008 051028n18301880fr ||||1| fre d
245 0 3 _aLa Divine Enfance
_b: ; La vie de la Sainte Vierge ; La passion de Nôtre-Seigneur Jésus-Christ ; Les saints et les saintes.
260 _aParis :
_bL. Curmer,
_c[18--?]
852 _aES-MaACL
_jR-3353
999 _c98876
_d98876